000 00314nam a2200133Ia 4500
008 231129s1970||||xx |||||||||||||| ||spa||
040 _bspa
082 _aM863 A958ll
100 _aAviles Fabila Rene
245 0 _aLa lluvia no mata las flores
260 _c1970
264 _aJoaquin Mortiz
942 _2ddc
_cBKS
999 _c17502
_d17502